000 00533nam a22001937a 4500
999 _c3945
_d3902
008 191017b o|||| |||| 00| p eng d
020 _a9755700471
041 _atur
050 _aPL248.T8732
100 _9473
_a Turgut, Engin
245 _a Bayan Elma
_cTasarım : Savaş Çekiç
250 _a1.Baskı
260 _aİstanbul:
_bNo27 Yayıncılık,
_cEkim 1997
300 _a75 Sayfa
500 _aNo27 Yayıncılık ; 3 Şiir No; 2
650 0 _9145
_aTürk Edebiyatı
700 _91755
_aÇekiç, Savaş
942 _2lcc
_cBK